Statistics for Largest moon of every planet

Click here to take the quiz!

General Stats

  • This quiz has been taken 19 times
  • The average score is 5 of 9

Answer Stats

HintsAnswer% Correct
EarthMoon
100%
SaturnTitan
78%
JupiterGanymede
67%
PlutoCharon
61%
MarsPhobos
56%
NeptuneTriton
56%
UranusTitania
33%
ErisDysnomia
17%
HaumeaHiaka
17%

Score Distribution

Percentile by Number Answered

Percent of People with Each Score

Your Score History

You have not taken this quiz